| 000 | 00471nam a2200181Ia 4500 | ||
|---|---|---|---|
| 003 | OSt | ||
| 005 | 20230603111131.0 | ||
| 008 | 210423s2007 xx 000 0 und d | ||
| 040 | _cAL | ||
| 041 | _aeng | ||
| 082 |
_a294.3 _223 _bGUPC |
||
| 100 |
_aGUPTHA (R K). _9119201 |
||
| 245 | _aChanging status of devadasis in india. | ||
| 260 |
_aDelhi _bSumit Enterprise _c2007 |
||
| 365 |
_b1395 _cINR |
||
| 906 | _aChanging ; devadasis ; india. ; status | ||
| 942 |
_2ddc _cBK |
||
| 999 |
_c174830 _d174830 |
||